000 006100000a22001930004500
020 _a968-24-0456-8
041 0 _aSPA
082 0 4 _aG 375 G1351p
100 1 _aGagné, Robert M. (1916-)
245 1 0 _aLa planificación de la enseñanza : Sus principios / Robert M. Gagné, Leslie J. Briggs ; Jorge Brash, Traductor
260 _aMéxico, D.F., México : Trillas
300 _a287 Pag
500 _aTítulo original : Principles of instructional desing
001 10097
942 _cBK
999 _c39832
_d39832
336 _atexto
_btxt
_2rdacontent
337 _2rdamedia
_asin mediación
_bn
338 _2rdacarrier
_avolumen
_bnc